[Event "Kuala Lumpur Merdeka rapid op"]
[Site "Kuala Lumpur"]
[Date "2019.09.01"]
[Round "3"]
[White "Cahyadi"]
[Black "Senador, Emmanuel"]
[Result "0-1"]
[WhiteElo "1697"]
[BlackElo "2238"]
[PlyCount "96"]
[EventDate "2019.09.01"]
[EventType "swiss (rapid)"]
[EventRounds "7"]
[EventCountry "MAS"]
[SourceTitle "EXT 2020"]
[Source "ChessBase"]
[SourceDate "2019.10.17"]
[SourceVersion "1"]
[SourceVersionDate "2019.10.17"]
[SourceQuality "1"]

1. e4 d6 2. d4 Nf6 3. Nc3 e5 4. dxe5 dxe5 5. Qxd8+ Kxd8 6. Bg5 Be6 7. 0-0-0+ Kc8 8. Nf3 Nbd7 9. a3 Bc5 10. Bh4 h6 11. Bb5 c6 12. Bd3 a5 13. Bg3 Nh5 14. Nxe5 Nxg3 15. Nxd7 Nxh1 16. Nxc5 Nxf2 17. Rf1 Nxd3+ 18. cxd3 b5 19. e5 Ra7 20. N3e4 Re7 21. Kd2 Rd8 22. Kc3 Rd5 23. b4 Rxe5 24. d4 axb4+ 25. axb4 Rxe4 26. Nxe4 Bd5 27. Nd6+ Kd7 28. Nf5 Re2 29. g4 Rxh2 30. Nxg7 Rh3+ 31. Kd2 Rg3 32. Rf4 Be6 33. Nh5 Rb3 34. Kd1 Kd6 35. Nf6 Rxb4 36. Kd2 Rb3 37. Ng8 Rh3 38. Rf6 h5 39. gxh5 Rxh5 40. Rf4 Rh2+ 41. Kc3 Rh3+ 42. Kd2 f5 43. Nf6 Ke7 44. Ne4 fxe4 45. Rxe4 Kd6 46. Rf4 b4 47. Kc2 b3+ 48. Kb2 Rh2+ 0-1

[Event "Kuala Lumpur Merdeka rapid op"]
[Site "Kuala Lumpur"]
[Date "2019.09.01"]
[Round "1"]
[White "Chua, Siang Zhe"]
[Black "Senador, Emmanuel"]
[Result "0-1"]
[WhiteElo "1242"]
[BlackElo "2238"]
[PlyCount "52"]
[EventDate "2019.09.01"]
[EventType "swiss (rapid)"]
[EventRounds "7"]
[EventCountry "MAS"]
[SourceTitle "EXT 2020"]
[Source "ChessBase"]
[SourceDate "2019.10.17"]
[SourceVersion "1"]
[SourceVersionDate "2019.10.17"]
[SourceQuality "1"]

1. e4 Nf6 2. Nc3 d5 3. exd5 Nxd5 4. Nge2 Bg4 5. f3 Bf5 6. Ne4 e6 7. N4g3 Qh4 8. Nd4 Qxd4 9. Nxf5 exf5 10. Qe2+ Be7 11. Qb5+ Nd7 12. d3 0-0-0 13. Bd2 Bh4+ 14. g3 Rhe8+ 15. Be2 Rxe2+ 16. Kxe2 Re8+ 17. Kd1 Bf6 18. c3 Ne3+ 19. Bxe3 Qxe3 20. Kc2 c6 21. Qxf5 g6 22. Qa5 Qe2+ 23. Kb3 Re5 24. Qxa7 Rb5+ 25. Kc4 Ne5+ 26. Kd4 Qxd3# 0-1

[Event "Kuala Lumpur Merdeka rapid op"]
[Site "Kuala Lumpur"]
[Date "2019.09.01"]
[Round "5"]
[White "Ng, Jun Fung Isaac"]
[Black "Senador, Emmanuel"]
[Result "1-0"]
[WhiteElo "1584"]
[BlackElo "2238"]
[PlyCount "142"]
[EventDate "2019.09.01"]
[EventType "swiss (rapid)"]
[EventRounds "7"]
[EventCountry "MAS"]
[SourceTitle "EXT 2020"]
[Source "ChessBase"]
[SourceDate "2019.10.17"]
[SourceVersion "1"]
[SourceVersionDate "2019.10.17"]
[SourceQuality "1"]

1. d4 d5 2. c4 e6 3. Nc3 c5 4. cxd5 exd5 5. Nf3 Nc6 6. e3 Nf6 7. dxc5 Bxc5 8. Be2 0-0 9. 0-0 a6 10. a3 Be6 11. b4 Ba7 12. Bb2 Qe7 13. b5 axb5 14. Nxb5 Bb8 15. Rc1 Ne4 16. Nfd4 Bd7 17. Bf3 Re8 18. g3 Ne5 19. Bg2 Nc4 20. Qe2 Ra5 21. Nc3 Nxa3 22. Ra1 Bd6 23. Ra2 Bb4 24. Nxe4 dxe4 25. Rfa1 b6 26. Rc1 Qd6 27. Rd1 Rd5 28. Raa1 b5 29. Bxa3 Bxa3 30. Qc2 Qc5 31. Bxe4 Qxc2 32. Bxc2 b4 33. Bb3 Rd6 34. Kg2 Rd8 35. f3 Kf8 36. Rd2 g6 37. Rad1 Ke7 38. Kf2 h5 39. e4 f6 40. Ke3 Be8 41. f4 Bd7 42. e5 fxe5 43. fxe5 Rb6 44. e6 Be8 45. Nf5+ gxf5 46. Rxd8 Bb2 47. Ra8 Rb7 48. Rdd8 Bc6 49. Rdb8 Rxb8 50. Rxb8 Bc3 51. Rb6 Be8 52. Rb7+ Kd6 53. Rh7 Be5 54. Rb7 Bc3 55. Kf4 Bg6 56. Rb6+ Ke7 57. Rb7+ Kf6 58. Rb6 Bd2+ 59. Kf3 Ke7 60. Ke2 Bc3 61. Kf3 Bd2 62. Rb7+ Kf6 63. Rb8 h4 64. Rf8+ Ke7 65. Rg8 Bh5+ 66. Kf2 hxg3+ 67. hxg3 f4 68. gxf4 Bxf4 69. Rh8 Bg6 70. Rh1 Bd6 71. Rd1 Bc5+ 1-0

[Event "Penang Mini op 2nd"]
[Site "Penang"]
[Date "2019.06.07"]
[Round "6"]
[White "Senador, Emmanuel"]
[Black "Wang, Zideng"]
[Result "1-0"]
[WhiteElo "2297"]
[BlackElo "2015"]
[PlyCount "101"]
[EventDate "2019.06.05"]
[EventType "swiss"]
[EventRounds "9"]
[EventCountry "MAS"]
[SourceTitle "CBM 190 Extra"]
[Source "ChessBase"]
[SourceDate "2019.07.15"]
[SourceVersion "1"]
[SourceVersionDate "2019.07.15"]
[SourceQuality "1"]

1. e4 c5 2. d4 cxd4 3. c3 dxc3 4. Nxc3 Nc6 5. Nf3 d6 6. Bc4 a6 7. 0-0 Nf6 8. h3 e6 9. Qe2 Be7 10. Rd1 Qc7 11. Bg5 b5 12. Bb3 Bb7 13. Rac1 Qb6 14. Nd5 exd5 15. exd5 Na5 16. Bxf6 gxf6 17. Nd4 Nxb3 18. Nf5 Qd8 19. Rc3 Nc5 20. Re3 Kf8 21. Qh5 h6 22. Rxe7 Qxe7 23. Nxe7 Kxe7 24. Re1+ Kf8 25. Qf5 Kg7 26. Qg4+ Kh7 27. Re7 Rhf8 28. b4 Bc8 29. Qh5 Nd7 30. Rxf7+ Rxf7 31. Qxf7+ Kh8 32. Qe8+ Kg7 33. Qe7+ Kg6 34. Qxd6 Ne5 35. f4 Nf7 36. Qc6 Rb8 37. g4 Kg7 38. Kf2 h5 39. Kg3 hxg4 40. hxg4 Bxg4 41. Kxg4 Rd8 42. Kf5 Rd6 43. Qb7 Rd8 44. Ke4 Rd6 45. Kd4 f5 46. Kc5 Rg6 47. d6 Rg1 48. Qd5 Rc1+ 49. Kb6 Nd8 50. Kxa6 Nc6 51. Kxb5 1-0

[Event "Penang Mini op 2nd"]
[Site "Penang"]
[Date "2019.06.05"]
[Round "2"]
[White "Ong, Yi Herng Joel"]
[Black "Senador, Emmanuel"]
[Result "0-1"]
[WhiteElo "1779"]
[BlackElo "2297"]
[PlyCount "102"]
[EventDate "2019.06.05"]
[EventType "swiss"]
[EventRounds "9"]
[EventCountry "MAS"]
[SourceTitle "CBM 190 Extra"]
[Source "ChessBase"]
[SourceDate "2019.07.15"]
[SourceVersion "1"]
[SourceVersionDate "2019.07.15"]
[SourceQuality "1"]

1. e4 d6 2. Nf3 Bg4 3. d4 Nf6 4. Bd3 g6 5. h3 Bxf3 6. Qxf3 Nbd7 7. Bg5 Bg7 8. 0-0 0-0 9. Nd2 c5 10. dxc5 Nxc5 11. c3 Qc7 12. Bc2 b5 13. Rac1 a5 14. b4 Ne6 15. Bxf6 Bxf6 16. Bb3 Rac8 17. a3 Nd8 18. Qd3 Qb6 19. Kh1 Nc6 20. f4 axb4 21. axb4 Rc7 22. Nf3 Rfc8 23. e5 Bg7 24. Ng5 Rf8 25. Nxf7 Rxf7 26. Bxf7+ Kxf7 27. exd6 Rd7 28. Qd5+ e6 29. Qc5 Qb7 30. Kh2 Bf8 31. Rcd1 Na7 32. Rd4 Qb8 33. Rfd1 Nc8 34. Qc6 Rxd6 35. Rxd6 Nxd6 36. Qd7+ Be7 37. Rd4 h5 38. g3 Qb6 39. g4 h4 40. Kg2 Qa6 41. Kf3 Qa8+ 42. Kf2 Ne4+ 43. Ke3 Nxc3 44. f5 Nd5+ 45. Ke2 Qa2+ 46. Rd2 Qc4+ 47. Kf2 Qf4+ 48. Ke1 Qe3+ 49. Kd1 Qf3+ 50. Ke1 Qg3+ 51. Rf2 Qg1+ 0-1

[Event "Fajr op 27th"]
[Site "Tehran"]
[Date "2019.02.11"]
[Round "9"]
[White "Senador, Emmanuel"]
[Black "Mousavi, Seyed Khalil"]
[Result "0-1"]
[WhiteElo "2296"]
[BlackElo "2485"]
[PlyCount "102"]
[EventDate "2019.02.05"]
[EventType "swiss"]
[EventRounds "9"]
[EventCountry "IRI"]
[SourceTitle "CBM 188 Extra"]
[Source "ChessBase"]
[SourceDate "2019.02.26"]
[SourceVersion "1"]
[SourceVersionDate "2019.02.26"]
[SourceQuality "1"]

1. b3 e5 2. Bb2 d6 3. e3 Nf6 4. d3 g6 5. Nd2 Bg7 6. c4 0-0 7. Ngf3 b6 8. Qc2 Bb7 9. Be2 Re8 10. 0-0 Nbd7 11. b4 c5 12. b5 a5 13. Ne4 Qe7 14. Nfd2 Rad8 15. Bf3 d5 16. Nxf6+ Nxf6 17. e4 d4 18. g3 h5 19. Bg2 h4 20. Nf3 hxg3 21. hxg3 Bh6 22. Bc1 Bxc1 23. Qxc1 Kg7 24. Qg5 Bc8 25. Rae1 Qd6 26. Nh4 Rh8 27. Bf3 Nh7 28. Qd2 Qf6 29. Bg2 g5 30. Nf5+ Bxf5 31. exf5 Qxf5 32. Qe2 Rde8 33. Be4 Qh3 34. Bg2 Qh6 35. f3 f5 36. Kf2 e4 37. Rh1 e3+ 38. Kg1 Qd6 39. f4 g4 40. Bc6 Ref8 41. Kg2 Nf6 42. Reg1 Nh5 43. Qe1 Rh6 44. Rh4 Rfh8 45. Rgh1 Qe7 46. R4h2 e2 47. Be4 fxe4 48. Qxe2 Nxf4+ 49. gxf4 Rxh2+ 50. Rxh2 Rxh2+ 51. Kxh2 Qh4+ 0-1

[Event "Johor op 5th"]
[Site "Johor"]
[Date "2018.12.15"]
[Round "9"]
[White "Senador, Emmanuel"]
[Black "Aris, TLS"]
[Result "1/2-1/2"]
[WhiteElo "2322"]
[BlackElo "2094"]
[PlyCount "21"]
[EventDate "2018.12.10"]
[EventType "swiss"]
[EventRounds "9"]
[EventCountry "MAS"]
[SourceTitle "CBM 187 Extra"]
[Source "ChessBase"]
[SourceDate "2018.11.04"]
[SourceVersion "1"]
[SourceVersionDate "2018.11.04"]
[SourceQuality "1"]

1. e4 e6 2. d4 d5 3. Nc3 dxe4 4. Nxe4 Nd7 5. Nf3 Ngf6 6. Nxf6+ Nxf6 7. Bd3 e5 8. Be3 exd4 9. Bxd4 Bd7 10. Qd2 Bc6 11. Qd1 1/2-1/2

[Event "Johor op 5th"]
[Site "Johor"]
[Date "2018.12.11"]
[Round "3"]
[White "Senador, Emmanuel"]
[Black "Ma, Ling"]
[Result "1-0"]
[WhiteElo "2322"]
[BlackElo "2025"]
[PlyCount "79"]
[EventDate "2018.12.10"]
[EventType "swiss"]
[EventRounds "9"]
[EventCountry "MAS"]
[SourceTitle "CBM 187 Extra"]
[Source "ChessBase"]
[SourceDate "2018.11.04"]
[SourceVersion "1"]
[SourceVersionDate "2018.11.04"]
[SourceQuality "1"]

1. e4 c5 2. d4 cxd4 3. c3 Nf6 4. e5 Nd5 5. Nf3 Nc6 6. Bc4 Nb6 7. Bb3 d5 8. exd6 Qxd6 9. 0-0 d3 10. Na3 Bf5 11. Nb5 Qb8 12. Nfd4 Nxd4 13. Nxd4 Bd7 14. Qxd3 e6 15. Rd1 Be7 16. Bc2 e5 17. Nf5 Bxf5 18. Qxf5 g6 19. Qf3 0-0 20. Bh6 Rd8 21. Bb3 Rxd1+ 22. Rxd1 Qe8 23. Qxb7 Bf8 24. Be3 Qe7 25. Qf3 e4 26. Qf4 Bg7 27. a3 Rc8 28. h4 h5 29. Qd6 Qxd6 30. Rxd6 Nc4 31. Bxc4 Rxc4 32. Rd8+ Kh7 33. Rd7 a5 34. Rxf7 Kg8 35. Ra7 a4 36. Kf1 Be5 37. Ke2 Kf8 38. Kd2 Kg8 39. Ra5 Bf6 40. Rc5 1-0

[Event "Penang Mini op1st"]
[Site "Penang"]
[Date "2018.06.15"]
[Round "4"]
[White "Tin, Shan Ze"]
[Black "Senador, Emmanuel"]
[Result "0-1"]
[WhiteElo "1450"]
[BlackElo "2326"]
[PlyCount "64"]
[EventDate "2018.06.13"]
[EventType "swiss"]
[EventRounds "9"]
[EventCountry "MAS"]
[SourceTitle "CBM 184 Extra"]
[Source "ChessBase"]
[SourceDate "2018.06.28"]
[SourceVersion "1"]
[SourceVersionDate "2018.06.28"]
[SourceQuality "1"]

1. d4 Nf6 2. c4 g6 3. Nc3 Bg7 4. e4 0-0 5. f3 d6 6. Be3 Nc6 7. Bd3 e5 8. d5 Nd4 9. Qd2 c5 10. Nge2 a6 11. 0-0 Bd7 12. Bh6 Rb8 13. Bxg7 Kxg7 14. Nxd4 cxd4 15. Ne2 b5 16. b3 bxc4 17. Bxc4 Qb6 18. Qd3 Bb5 19. Rac1 Rfc8 20. Kh1 Nd7 21. b4 Rxc4 22. Rxc4 Rc8 23. Rfc1 a5 24. a4 Bxc4 25. Rxc4 Rxc4 26. Qxc4 Qxb4 27. Qb5 Nc5 28. Qe8 d3 29. Ng1 d2 30. Qe7 d1Q 31. Qxd6 Qxg1+ 32. Kxg1 Qe1# 0-1

[Event "Penang Mini op1st"]
[Site "Penang"]
[Date "2018.06.14"]
[Round "2"]
[White "Wiwatanadate, Poompong"]
[Black "Senador, Emmanuel"]
[Result "0-1"]
[WhiteElo "2011"]
[BlackElo "2326"]
[PlyCount "88"]
[EventDate "2018.06.13"]
[EventType "swiss"]
[EventRounds "9"]
[EventCountry "MAS"]
[SourceTitle "CBM 184 Extra"]
[Source "ChessBase"]
[SourceDate "2018.06.28"]
[SourceVersion "1"]
[SourceVersionDate "2018.06.28"]
[SourceQuality "1"]

1. e4 d6 2. d4 Nf6 3. Nc3 e5 4. Nf3 Nbd7 5. Bc4 Be7 6. 0-0 0-0 7. a4 a5 8. Re1 c6 9. b3 h6 10. h3 Re8 11. Bb2 Bf8 12. Qd2 Nh5 13. Bf1 Qf6 14. Ne2 g5 15. Nh2 Qg6 16. g4 Nf4 17. Ng3 h5 18. c4 hxg4 19. hxg4 exd4 20. Qxd4 Ne5 21. Nf5 c5 22. Qc3 Bxf5 23. exf5 Qh6 24. Qg3 Bg7 25. Bc3 Nc6 26. Bxg7 Kxg7 27. Nf3 Rh8 28. Bg2 Rh7 29. Re4 Rah8 30. Kf1 Ne5 31. Nxe5 dxe5 32. Rd1 Qf6 33. Qf3 Rh2 34. Rxf4 exf4 35. Qxb7 Rd8 36. Bd5 Re8 37. Kg1 Rh4 38. Qb5 Rxg4+ 39. Kf1 Qe5 40. Bf3 Rh4 41. Qxa5 g4 42. f6+ Kh6 43. Rd5 gxf3 44. Rxe5 Rxe5 0-1

[Event "Johor op 4th"]
[Site "Johor"]
[Date "2017.12.13"]
[Round "4"]
[White "Senador, Emmanuel"]
[Black "Venkatesh, Marani Rajendran"]
[Result "0-1"]
[WhiteElo "2339"]
[BlackElo "2428"]
[PlyCount "62"]
[EventDate "2017.12.11"]
[EventType "swiss"]
[EventRounds "9"]
[EventCountry "MAS"]
[SourceTitle "CBM 182 Extra"]
[Source "ChessBase"]
[SourceDate "2018.02.23"]
[SourceVersion "1"]
[SourceVersionDate "2018.02.23"]
[SourceQuality "1"]

1. Nf3 g6 2. d4 Bg7 3. Bf4 d6 4. e3 Nd7 5. h3 e5 6. dxe5 dxe5 7. Bh2 Nh6 8. Nc3 0-0 9. Bc4 Qe7 10. e4 Kh8 11. Qe2 c6 12. Bb3 Nc5 13. Na4 Nxa4 14. Bxa4 Qb4+ 15. c3 Qxa4 16. Nxe5 b6 17. 0-0 Ba6 18. c4 Qa5 19. Nf3 Qb4 20. b3 Bxa1 21. Rxa1 Rad8 22. Qb2+ f6 23. e5 Bxc4 24. exf6 Bf7 25. Be5 Rfe8 26. Qc1 Qf8 27. Qf4 Kg8 28. Bc3 Bd5 29. f7+ Nxf7 30. Nh2 Re4 31. Qc1 Be6 0-1

[Event "Penang op-A 9th"]
[Site "Penang"]
[Date "2017.12.09"]
[Round "9"]
[White "Senador, Emmanuel"]
[Black "Natarajan, C."]
[Result "1/2-1/2"]
[WhiteElo "2339"]
[BlackElo "2162"]
[PlyCount "68"]
[EventDate "2017.12.04"]
[EventType "swiss"]
[EventRounds "9"]
[EventCountry "MAS"]
[SourceTitle "CBM 182 Extra"]
[Source "ChessBase"]
[SourceDate "2018.02.23"]
[SourceVersion "1"]
[SourceVersionDate "2018.02.23"]
[SourceQuality "1"]

1. e4 e6 2. d4 d5 3. Nc3 Nf6 4. Bg5 dxe4 5. Nxe4 Be7 6. Bxf6 gxf6 7. Nf3 f5 8. Nc3 a6 9. Qe2 Qd6 10. 0-0-0 Nd7 11. g3 b5 12. Bg2 Bb7 13. d5 b4 14. dxe6 Qxe6 15. Qxe6 fxe6 16. Ne2 0-0-0 17. Ne5 Nc5 18. Bxb7+ Kxb7 19. Rxd8 Rxd8 20. f4 Bf6 21. Rf1 a5 22. Rf3 a4 23. Nd3 Nxd3+ 24. Rxd3 Rxd3 25. cxd3 c5 26. b3 axb3 27. axb3 Kc6 28. Kd2 Kd5 29. Ng1 h6 30. Nf3 Bc3+ 31. Ke3 Bf6 32. Kf2 e5 33. fxe5 Bxe5 34. Ke3 Bb2 1/2-1/2

[Event "UTP Team-chT"]
[Site "Seri Iskandar"]
[Date "2017.09.24"]
[Round "6.1"]
[White "Senador, Emmanuel"]
[Black "Lim, Zhuo Ren"]
[Result "1/2-1/2"]
[WhiteElo "2147"]
[BlackElo "2038"]
[PlyCount "88"]
[EventDate "2017.09.23"]
[EventType "team-swiss"]
[EventRounds "7"]
[EventCountry "MAS"]
[SourceTitle "EXT 2019"]
[Source "ChessBase"]
[SourceDate "2018.10.10"]
[SourceVersion "1"]
[SourceVersionDate "2018.10.10"]
[SourceQuality "1"]

1. e4 c5 2. d4 cxd4 3. c3 Nf6 4. e5 Nd5 5. Nf3 e6 6. Bc4 d6 7. cxd4 Nc6 8. 0-0 Be7 9. Qe2 0-0 10. Nc3 Nxc3 11. bxc3 dxe5 12. dxe5 Qa5 13. Bd2 Rd8 14. Rab1 Qc7 15. Rfe1 Bd7 16. Bd3 Be8 17. Qe4 g6 18. c4 Rd7 19. Bc3 Rad8 20. Bf1 b6 21. h4 Bc5 22. h5 Nd4 23. Bxd4 Bxd4 24. hxg6 fxg6 25. Ng5 Re7 26. Rbd1 Bc3 27. Rxd8 Qxd8 28. Re3 Bb2 29. Qc2 Ba1 30. Qe4 Qc7 31. Qf4 Bc6 32. Qf6 Re8 33. Qf4 Qe7 34. Be2 Rf8 35. Qg3 Bd4 36. Bg4 Bxe3 37. Qxe3 Bd7 38. Ne4 Qh4 39. Qd4 Kh8 40. Qxd7 Qxg4 41. Nf6 Qh4 42. g3 Qh6 43. Qxe6 Qg7 44. Qd6 Qf7 1/2-1/2

[Event "UTP Team-chT"]
[Site "Seri Iskandar"]
[Date "2017.09.24"]
[Round "5.1"]
[White "Senador, Emmanuel"]
[Black "Tan, Hong Ghee"]
[Result "1-0"]
[WhiteElo "2147"]
[BlackElo "1726"]
[PlyCount "45"]
[EventDate "2017.09.23"]
[EventType "team-swiss"]
[EventRounds "7"]
[EventCountry "MAS"]
[SourceTitle "EXT 2019"]
[Source "ChessBase"]
[SourceDate "2018.10.10"]
[SourceVersion "1"]
[SourceVersionDate "2018.10.10"]
[SourceQuality "1"]

1. e4 c6 2. d4 d5 3. e5 Bf5 4. Nc3 e6 5. g4 Bg6 6. Nge2 Ne7 7. Nf4 Nd7 8. h4 h6 9. Nxg6 Nxg6 10. h5 Ne7 11. Be3 Nc8 12. a3 Be7 13. Bd3 a6 14. Ne2 c5 15. c3 c4 16. Bc2 b5 17. 0-0 Ncb6 18. f4 Qc7 19. f5 0-0-0 20. fxe6 fxe6 21. Rf7 Bg5 22. Bxg5 hxg5 23. Qd2 1-0

[Event "Olongapo City Puregold op"]
[Site "Olongapo City"]
[Date "2015.11.20"]
[Round "8"]
[White "Cuhendi, Sean Winshand"]
[Black "Senador, Emmanuel"]
[Result "0-1"]
[WhiteElo "2450"]
[BlackElo "2325"]
[PlyCount "66"]
[EventDate "2015.11.16"]
[EventType "game"]
[EventRounds "10"]
[EventCountry "PHI"]
[SourceTitle "CBM 169 Extra"]
[Source "ChessBase"]
[SourceDate "2015.12.18"]
[SourceVersion "1"]
[SourceVersionDate "2015.12.18"]
[SourceQuality "1"]

1. e4 e5 2. Nf3 Nc6 3. Bb5 a6 4. Ba4 Nf6 5. d3 b5 6. Bb3 Be7 7. Nc3 d6 8. a3 0-0 9. 0-0 Bg4 10. Be3 Qd7 11. h3 Bh5 12. Nd5 Na5 13. Ba2 Nxd5 14. Bxd5 c6 15. Ba2 Bg6 16. Bd2 Nb7 17. Bc3 Nc5 18. b4 Na4 19. Bd2 Bf6 20. Nh2 Rae8 21. Ng4 Bd8 22. Bb3 d5 23. Re1 f5 24. exd5 Qd6 25. dxc6+ Kh8 26. Nh2 Bc7 27. f4 e4 28. dxe4 fxe4 29. c4 Nb2 30. c5 Qxc6 31. Qc2 Nd3 32. Re2 Nxf4 33. Bxf4 Rxf4 0-1

[Event "Olongapo City Puregold op"]
[Site "Olongapo City"]
[Date "2015.11.17"]
[Round "2"]
[White "Kotanjian, Tigran"]
[Black "Senador, Emmanuel"]
[Result "1/2-1/2"]
[WhiteElo "2479"]
[BlackElo "2325"]
[PlyCount "135"]
[EventDate "2015.11.16"]
[EventType "game"]
[EventRounds "10"]
[EventCountry "PHI"]
[SourceTitle "CBM 169 Extra"]
[Source "ChessBase"]
[SourceDate "2015.12.18"]
[SourceVersion "1"]
[SourceVersionDate "2015.12.18"]
[SourceQuality "1"]

1. c4 e6 2. Nc3 Nf6 3. e4 c5 4. e5 Ng8 5. d4 cxd4 6. Qxd4 Nc6 7. Qe3 Qa5 8. Nf3 f6 9. exf6 Nxf6 10. Be2 Bc5 11. Qd3 0-0 12. 0-0 a6 13. Bd2 Qc7 14. Ne4 Ng4 15. g3 Nce5 16. Nxe5 Nxe5 17. Qc3 b6 18. b4 Be7 19. f4 Bb7 20. Qxe5 Qxe5 21. fxe5 Bxe4 22. Rxf8+ Rxf8 23. Rf1 Re8 24. Rf4 Bg5 25. Rxe4 Bxd2 26. c5 bxc5 27. bxc5 Rc8 28. Bxa6 Rxc5 29. a4 Kf7 30. Bb5 Ke7 31. Rg4 g5 32. Kg2 Rd5 33. Rc4 Ba5 34. Rc8 Bd8 35. Kf3 Rxe5 36. Kg4 Rd5 37. Rb8 Rd2 38. Rb7 h6 39. h3 Rd5 40. Kh5 e5 41. Kxh6 e4 42. Kh5 Ba5 43. Kg4 Bd2 44. h4 gxh4 45. gxh4 Rd4 46. h5 Ke6 47. Ra7 d6 48. a5 Rb4 49. Rb7 e3+ 50. Kf3 Rf4+ 51. Kg3 Rf2 52. a6 e2 53. Bc4+ d5 54. Bxe2 Rxe2 55. a7 Be1+ 56. Kf3 Ra2 57. h6 Bc3 58. h7 Kd6 59. Ke3 Kc6 60. Rb8 Rxa7 61. h8Q Bxh8 62. Rxh8 Ra3+ 63. Kd2 Kc5 64. Rh4 Rg3 65. Rf4 d4 66. Rf8 Rg2+ 67. Kd3 Rg3+ 68. Kd2 1/2-1/2

[Event "Olongapo City Puregold op"]
[Site "Olongapo City"]
[Date "2015.11.17"]
[Round "3"]
[White "Senador, Emmanuel"]
[Black "Antonio, Rogelio Jr"]
[Result "1/2-1/2"]
[WhiteElo "2325"]
[BlackElo "2478"]
[PlyCount "27"]
[EventDate "2015.11.16"]
[EventType "game"]
[EventRounds "10"]
[EventCountry "PHI"]
[SourceTitle "CBM 169 Extra"]
[Source "ChessBase"]
[SourceDate "2015.12.18"]
[SourceVersion "1"]
[SourceVersionDate "2015.12.18"]
[SourceQuality "1"]

1. e4 c6 2. Nc3 d5 3. Qe2 e6 4. Nf3 d4 5. Nb1 c5 6. d3 Nc6 7. e5 Nge7 8. h4 Qc7 9. h5 h6 10. Bf4 Nd5 11. Bc1 Nde7 12. Bf4 Nd5 13. Bc1 Nde7 14. Bf4 1/2-1/2

[Event "Quezon City Puregold op"]
[Site "Quezon City"]
[Date "2014.12.17"]
[Round "5"]
[White "Senador, Emmanuel"]
[Black "Barbosa, Oliver"]
[Result "0-1"]
[WhiteElo "2354"]
[BlackElo "2533"]
[PlyCount "104"]
[EventDate "2014.12.14"]
[EventType "swiss"]
[EventRounds "9"]
[EventCountry "PHI"]
[SourceTitle "EXT 2016"]
[Source "ChessBase"]
[SourceDate "2015.10.08"]
[SourceVersion "1"]
[SourceVersionDate "2015.10.08"]
[SourceQuality "1"]

1. e4 c6 2. Nc3 d5 3. Nf3 Bg4 4. h3 Bh5 5. exd5 cxd5 6. Bb5+ Nc6 7. g4 Bg6 8. Ne5 Rc8 9. d4 e6 10. h4 f6 11. Nxg6 hxg6 12. a3 Bd6 13. Be3 Nge7 14. Kf1 Kf7 15. Kg2 Na5 16. Bd3 Nc4 17. Bc1 a6 18. Qf3 Qc7 19. Rb1 b5 20. Ne2 e5 21. Bxc4 Qxc4 22. dxe5 Bxe5 23. Bf4 Nc6 24. Be3 Bb8 25. Rbd1 Ne5 26. Qxd5+ Qxd5+ 27. Rxd5 Rxc2 28. Rd2 Rxd2 29. Bxd2 Nxg4 30. f3 Rd8 31. Ba5 Ne3+ 32. Kf2 Rd1 33. Re1 Rxe1 34. Kxe1 Ng2+ 35. Kf2 Nxh4 36. Bb6 Ke6 37. Nd4+ Kd5 38. b4 Be5 39. Nb3 Nf5 40. Ke2 Nd4+ 41. Bxd4 Bxd4 42. Kd3 Bb6 43. Nd2 g5 44. Ne4 Ke5 45. Nc3 f5 46. Ne2 Bf2 47. Nc1 g6 48. Ne2 g4 49. f4+ Ke6 50. Nc1 Kd5 51. Ke2 Bd4 52. Kd3 g3 0-1

[Event "Quezon City Puregold op"]
[Site "Quezon City"]
[Date "2014.12.16"]
[Round "4"]
[White "Laylo, Darwin"]
[Black "Senador, Emmanuel"]
[Result "1/2-1/2"]
[WhiteElo "2500"]
[BlackElo "2354"]
[PlyCount "77"]
[EventDate "2014.12.14"]
[EventType "swiss"]
[EventRounds "9"]
[EventCountry "PHI"]
[SourceTitle "EXT 2016"]
[Source "ChessBase"]
[SourceDate "2015.10.08"]
[SourceVersion "1"]
[SourceVersionDate "2015.10.08"]
[SourceQuality "1"]

1. d4 c5 2. d5 d6 3. c4 g6 4. e4 Bg7 5. h3 Nf6 6. Nc3 a6 7. Nf3 0-0 8. a4 Re8 9. Bd3 Nbd7 10. 0-0 Nf8 11. Be3 e5 12. dxe6 Nxe6 13. Qd2 Nd7 14. Be2 Ne5 15. Nxe5 dxe5 16. Qxd8 Rxd8 17. Bg4 Nd4 18. Bxc8 Raxc8 19. Nd5 Re8 20. f3 f5 21. Rad1 Kf7 22. Rd3 Rb8 23. g4 Rec8 24. Bxd4 cxd4 25. Rc1 Rc6 26. a5 Bf6 27. b4 h5 28. c5 Rh8 29. Kg2 hxg4 30. hxg4 Rh4 31. Rh1 fxe4 32. fxe4 Rxg4+ 33. Kf3 Rh4 34. Rxh4 Bxh4 35. Kg4 Bd8 36. Rf3+ Kg7 37. Rb3 Rc8 38. Rf3 Rc6 39. Rb3 1/2-1/2

[Event "Quezon City Puregold op"]
[Site "Quezon City"]
[Date "2014.12.15"]
[Round "3"]
[White "Senador, Emmanuel"]
[Black "Galas, Bernadette"]
[Result "1-0"]
[WhiteElo "2354"]
[BlackElo "2020"]
[PlyCount "71"]
[EventDate "2014.12.14"]
[EventType "swiss"]
[EventRounds "9"]
[EventCountry "PHI"]
[SourceTitle "EXT 2016"]
[Source "ChessBase"]
[SourceDate "2015.10.08"]
[SourceVersion "1"]
[SourceVersionDate "2015.10.08"]
[SourceQuality "1"]

1. e4 c5 2. d4 cxd4 3. c3 Nf6 4. e5 Nd5 5. Bc4 e6 6. Nf3 d6 7. cxd4 Nb6 8. Bd3 Nc6 9. 0-0 Nb4 10. Bb5+ Bd7 11. Nc3 Bxb5 12. Nxb5 a6 13. Nc3 d5 14. Ne1 Nc6 15. Be3 Be7 16. Qg4 g6 17. Rd1 h5 18. Qg3 Nc4 19. Bc1 Qc7 20. Nf3 b5 21. h4 Nb6 22. Bg5 Rc8 23. Rc1 Bxg5 24. Nxg5 Qe7 25. Ne2 Kd7 26. Qf4 Rcf8 27. b3 Nc8 28. Rc5 N8a7 29. Rfc1 f6 30. exf6 Qxf6 31. Qe3 Rc8 32. Nf3 Rhf8 33. Ne5+ Nxe5 34. dxe5 Qd8 35. g3 Qb6 36. Rxd5+ 1-0

[Event "Quezon City Puregold op"]
[Site "Quezon City"]
[Date "2014.12.15"]
[Round "2"]
[White "Turqueza, Mari Joseph"]
[Black "Senador, Emmanuel"]
[Result "1/2-1/2"]
[WhiteElo "2249"]
[BlackElo "2354"]
[PlyCount "54"]
[EventDate "2014.12.14"]
[EventType "swiss"]
[EventRounds "9"]
[EventCountry "PHI"]
[SourceTitle "EXT 2016"]
[Source "ChessBase"]
[SourceDate "2015.10.08"]
[SourceVersion "1"]
[SourceVersionDate "2015.10.08"]
[SourceQuality "1"]

1. d4 c5 2. d5 d6 3. e4 a6 4. a4 g6 5. h3 Bg7 6. Nf3 Nf6 7. Nc3 0-0 8. Be2 Re8 9. 0-0 e6 10. Bg5 h6 11. dxe6 Bxe6 12. Be3 Nc6 13. Qc1 Kh7 14. Rd1 Qc7 15. Bf4 Rad8 16. Rd2 g5 17. Bg3 Nd4 18. Nxd4 cxd4 19. Rxd4 Nh5 20. Bxd6 Rxd6 21. Rxd6 Qxd6 22. Bxh5 Bd4 23. Ne2 Ba7 24. c3 Bc4 25. Qd1 Qe5 26. Nd4 Qxe4 27. Qf3 Qe5 1/2-1/2